Allegiant #3 / Veronica Roth.
Available copies
- 3 of 4 copies available at LARL/NWRL Consortium.
Current holds
0 current holds with 4 total copies.
View other formats and editions
Show Only Available Copies
| Location | Call Number / Copy Notes | Barcode | Shelving Location | Status | Due Date |
|---|---|---|---|---|---|
| Hallock Public Library | ya ROT (Text) | 35500006519555 | Main | Checked out | 07/07/2026 |
| Roseau Public Library | ya ROT (Text) | 35500005221286 | Main | Available | - |
| Thief River Falls Public Library | ya ROT (Text) | 35500006315509 | Main | Available | - |
| Warroad Public Library | ya ROT (Text) | 35500006926230 | Main | Available | - |
Record details
- ISBN: 9780062420091
- ISBN: 9780062024077
- ISBN: 9780062024060
- ISBN: 006202406X
- ISBN: 9780007538072
- Physical Description: 526 pages ; 22 cm
- Edition: First edition.
- Publisher: New York : Katherine Tegen Books, an imprint of HarperCollinsPublishers, 2013
Content descriptions
| General Note: | Sequel to: Insurgent. |
| Summary, etc.: | The faction-based society that Tris Prior once ... Read More |
Search for related items by subject
| Genre: | Science fiction. Young adult fiction. |
Search for related items by series
| LDR | 03864cam a2200697Ii 4500 | ||
|---|---|---|---|
| 001 | 153631 | ||
| 003 | LARL_NWRL_CONSORTIUM | ||
| 005 | 20131022112910.0 | ||
| 008 | 130812s2013 nyu d 000 1 eng d | ||
| 019 | . | ‡a849513070 | |
| 020 | . | ‡a9780062420091 | |
| 020 | . | ‡a9780062024077 | |
| 020 | . | ‡a9780062024060 | |
| 020 | . | ‡a006202406X | |
| 020 | . | ‡a9780007538072 | |
| 035 | . | ‡a(OCoLC)855550266 ‡z(OCoLC)849513070 | |
| 082 | 0 | 4. | ‡a[Fic] ‡223 |
| 100 | 1 | . | ‡aRoth, Veronica, ‡eauthor. ‡0(LARL_NWRL_CONSORTIUM)222625 |
| 245 | 1 | 0. | ‡aAllegiant ‡n#3 / ‡cVeronica Roth. |
| 250 | . | ‡aFirst edition. | |
| 260 | . | ‡aNew York : ‡bKatherine Tegen Books, an imprint of HarperCollinsPublishers, ‡c2013 | |
| 300 | . | ‡a526 pages ; ‡c22 cm | |
| 336 | . | ‡atext ‡btxt ‡2rdacontent | |
| 337 | . | ‡aunmediated ‡bn ‡2rdamedia | |
| 338 | . | ‡avolume ‡bnc ‡2rdacarrier | |
| 490 | 0 | . | ‡aDivergent trilogy; ‡v3 |
| 500 | . | ‡aSequel to: Insurgent. | |
| 520 | . | ‡aThe faction-based society that Tris Prior once believed in is shattered--fractured by violence and power struggles and scarred by loss and betrayal. So when offered a chance to explore the world past the limits she's known, Tris is ready. But will she be prepared to face impossible choices about courage, allegiance, sacrifice and love? | |
| 650 | 1. | ‡aDystopias ‡vFiction. | |
| 650 | 1. | ‡aSocial classes ‡vFiction. ‡0(LARL_NWRL_CONSORTIUM)167306 | |
| 650 | 1. | ‡aLoyalty ‡vFiction. | |
| 650 | 1. | ‡aScience fiction. ‡0(LARL_NWRL_CONSORTIUM)30394 | |
| 650 | 0. | ‡aDystopias ‡vJuvenile fiction. | |
| 650 | 0. | ‡aIdentity (Philosophical concept) ‡vJuvenile fiction. | |
| 650 | 0. | ‡aFamilies ‡vJuvenile fiction. ‡0(LARL_NWRL_CONSORTIUM)164956 | |
| 650 | 0. | ‡aCourage ‡vJuvenile fiction. ‡0(LARL_NWRL_CONSORTIUM)171693 | |
| 650 | 0. | ‡aSocial classes ‡vJuvenile fiction. | |
| 650 | 0. | ‡aLoyalty ‡vJuvenile fiction. | |
| 655 | 0. | ‡aScience fiction. | |
| 655 | 0. | ‡aYoung adult fiction. | |
| 910 | . | ‡aItem has loose binding on the last couple of pages. -CE 6/4/14 | |
| 901 | . | ‡a153631 ‡bOCLC ‡c153631 ‡tbiblio | |

Add to basket
Permalink
Disable Highlighting